00990nam a2200205 i 450000100060000000300090000600500170001500700030003200800410003510000410007624503080011726000350042530000500046049000760051065000250058670000560061170000200066783000760068785200210076335691ES-MaACL20251007173452.0t|160802s1910 fr ||||1| fre d1 aHerbert, Claude-Jacques, d1700-175810aEssai sur la police générale des grains, sur leurs prix et sur les effets de l'agriculture, 1755 / cCl.-J. Herbert. Et Supplément à l'Essai sur la police générale des grains / par J. G.. Montaudouin de la Touche, 1757 ; publiés avec introduction et table analytique par Edgard Depitre,... aParis : bG. Geuthner, c1910. aXLIII-VII, 166 p. : bfacsímiles ; c23 cm.1 aCollection des économistes et des réformateurs sociaux de la France 4aCereales-xComercio.1 aMontaudouin de La Touche, Jean-Gabriel, d1722-17800 aDepitre, Edgar.00aCollection des économistes et des réformateurs sociaux de la France aES-MaACLjG-5161